| 000 | 00487nam a2200181Ia 4500 | ||
|---|---|---|---|
| 005 | 20250326124232.0 | ||
| 008 | 250326s9999 xx 000 0 und d | ||
| 037 | _aTextbook | ||
| 040 |
_aFMSL _beng _cFMSL |
||
| 041 |
_aeng _2eng |
||
| 084 |
_aX:513 K3;3 _qFMSL |
||
| 100 |
_aMuscutt H C _949935 |
||
| 245 | 0 |
_aDisplay technique _cMuscutt H C |
|
| 260 |
_aLondon _bLondon, Mills & Boon _c1963 |
||
| 300 | _a132p | ||
| 942 |
_cTB _hX:513 K3;3 |
||
| 999 |
_c1272882 _d1272882 |
||